YAJU&U 歌詞 - Statistics

General Stats
  • This quiz has been taken 514 times
  • The average score is 29 of 76
Answer Stats
Answer % Correct
いいよこいよ
85%
いくいくいく
67%
Y
64%
Y
64%
Y
64%
A
60%
A
60%
A
60%
J
60%
J
60%
J
60%
U
59%
U
59%
U
59%
U
59%
U
59%
U
59%
51%
51%
51%
ムネにかけてムネに
44%
すここい
41%
40%
40%
40%
40%
40%
40%
39%
38%
38%
38%
38%
38%
38%
暴れんなよ…
36%
暴れんなよ…
36%
ヤジュウセンパイ
36%
ヤジュウセンパイ
36%
ヤジュウセンパイ
36%
屋上あんだけど
34%
焼いてかない?
34%
おまたせ
34%
えろい
34%
アイスティーしかなかったけど
33%
この辺がセクシー
33%
ライララの
33%
入れたろ
32%
案が
31%
いいかな?
30%
あんがい
30%
これもうわかんねぇな
28%
イクイク
28%
イクイク
28%
on
27%
ええなぁ
26%
あ、いいじゃん
26%
for
26%
for
26%
One
25%
One
25%
One
25%
お前のことが好きだったんだよ!
24%
All
24%
まずウチさぁ
23%
イキスギ
22%
イキスギ
22%
ま、多少はね?
19%
いいよこいよ!
18%
いいよこいよ!
18%
ヤジュセンパイ
18%
ヤジュセンパイ
18%
High-Five!
15%
(ンアッー!)
14%
ヤリマスネー
13%
ヤリマスネー
13%
No matching quizzes found
Score Distribution
Percent of People with Each Score
Percentile by Number Answered
Your Score History
You have not taken this quiz